000 00282nam a22001217a 4500
008 181025b xxu||||| |||| 00| 0 eng d
041 _aeng
080 _a370
100 _a45
101 _aEDU
245 _aNoprops Great Games With No Equipment
_cGollard.M
942 _2udc
_cBK
999 _c50898
_d50898